Statistiques concernant Départements français portant le nom d'un relief

Cliquez ici pour prendre le quiz!

Statistiques générales

  • Ce quiz a été pris 345 fois
  • Le résultat moyen est 11 sur 14

Statistiques - réponses

Département% Correct
Jura
95%
Pyrénées-Orientales
95%
Alpes-Maritimes
94%
Hautes-Alpes
94%
Hautes-Pyrénées
94%
Pyrénées-Atlantiques
93%
Alpes-de-Haute-Provence
91%
Vosges
91%
Puy-de-Dôme
84%
Cantal
71%
Ardennes
65%
Lozère
44%
Vaucluse
34%
Côte-d'Or
30%

Distribution des résultats

Percentile par nombre de réponses

% des personnes avec chaque résultat

Votre développement - résultats

Vous n’avez pas pris ce quiz